[Event "Hillerod Byturnering Basis 3 2004"]
[Site "Hillerod"]
[Date "2004.04.27"]
[Round "1"]
[White "Loving, Rho"]
[Black "Kristensen, Steffen Michael"]
[Result "0-1"]
[WhiteElo "1213"]
[BlackElo "1253"]
[PlyCount "40"]
[EventDate "2004.??.??"]

1. d4 Nf6 2. Nf3 g6 3. c4 Bg7 4. Nc3 O-O 5. e4 d6 6. Bg5 Bg4 7. h3 Bxf3 8. Qxf3
Nc6 9. d5 Ne5 10. Qd3 c5 11. f4 Ned7 12. Be2 Ne8 13. O-O Bd4+ 14. Qxd4 cxd4 15.
Nb5 f6 16. Bh6 Ng7 17. Nxd4 Qb6 18. Rfd1 Rf7 19. b3 e5 20. dxe6 Nxe6 0-1

[Event "Hillerod Byturnering Basis 3 2004"]
[Site "Hillerod"]
[Date "2004.04.27"]
[Round "1"]
[White "Pedersen, Leif"]
[Black "Eskildsen, Evald"]
[Result "1-0"]
[WhiteElo "1343"]
[BlackElo "1023"]
[PlyCount "69"]
[EventDate "2004.??.??"]

1. e4 e5 2. Nf3 d6 3. Bc4 h6 4. c3 c5 5. O-O Nc6 6. d3 b6 7. Be3 a6 8. a4 Na5
9. Bd5 Bb7 10. b4 Bxd5 11. bxa5 b5 12. exd5 Qxa5 13. Bd2 Nf6 14. c4 b4 15. Na3
Be7 16. Nc2 O-O 17. Ne3 e4 18. Nf5 Ra7 19. Re1 Bd8 20. dxe4 Nd7 21. Nxd6 Nb6
22. e5 Be7 23. Qe2 Nd7 24. Nf5 Qd8 25. d6 Nxe5 26. Nxe7+ Kh8 27. Qxe5 Re8 28.
Ng6+ fxg6 29. Qxe8+ Qxe8 30. Rxe8+ Kh7 31. Rc8 Rd7 32. Bf4 b3 33. Rc7 Rd8 34.
Rxg7+ Kh8 35. Rd7 1-0

[Event "Hillerod Byturnering Basis 3 2004"]
[Site "Hillerod"]
[Date "2004.04.27"]
[Round "1"]
[White "Christiansen, Holger"]
[Black "Andersen, Jeppe Yde"]
[Result "0-1"]
[WhiteElo "1197"]
[BlackElo "1000"]
[PlyCount "79"]
[EventDate "2004.??.??"]

1. e4 e5 2. Nf3 Nc6 3. Bb5 d6 4. d4 exd4 5. Nxd4 Bd7 6. Nc3 Nf6 7. Bg5 Be7 8.
Nxc6 Bxc6 9. Bxc6+ bxc6 10. O-O O-O 11. Qe2 Re8 12. Rad1 Nxe4 13. Bxe7 Qxe7 14.
Rfe1 Nxc3 15. Qxe7 Rxe7 16. bxc3 Rxe1+ 17. Rxe1 g6 18. a4 Rb8 19. g4 c5 20. f4
c4 21. Re4 d5 22. Re7 Rb1+ 23. Kf2 Ra1 24. f5 Kg7 25. fxg6 hxg6 26. Rxc7 Rxa4
27. Rc5 Ra2 28. Ke3 Rxc2 29. Rxd5 Rxc3+ 30. Kd4 Rd3+ 31. Kxc4 Rxd5 32. Kxd5 Kf6
33. h4 Kg7 34. g5 f6 35. gxf6+ Kxf6 36. Kc6 Kf5 37. Kb7 Kg4 38. Kxa7 Kxh4 39.
Kb6 g5 40. Kc5 0-1

[Event "Hillerod Byturnering Basis 3 2004"]
[Site "Hillerod"]
[Date "2004.04.27"]
[Round "1"]
[White "Christiansen, Sofus"]
[Black "So, John"]
[Result "1-0"]
[WhiteElo "1304"]
[BlackElo "1306"]
[PlyCount "107"]
[EventDate "2004.??.??"]

1. e4 c5 2. Nf3 e6 3. Be2 Nc6 4. O-O Nf6 5. d3 Be7 6. Be3 d6 7. Nbd2 O-O 8. d4
cxd4 9. Nxd4 Nxd4 10. Bxd4 e5 11. Bc3 b6 12. f4 Bb7 13. fxe5 Nxe4 14. Nxe4 Bxe4
15. exd6 Bxd6 16. Kh1 Qc7 17. Qd4 Bxg2+ 18. Kxg2 f6 19. Qc4+ Qxc4 20. Bxc4+ Kh8
21. a3 Rac8 22. Bd3 Rc5 23. Bb4 Rg5+ 24. Kh1 Rd8 25. Bxd6 Rxd6 26. Rae1 Rd8 27.
Re7 a6 28. Rfe1 Re5 29. R7xe5 fxe5 30. Rxe5 b5 31. Re6 a5 32. Bxb5 Rd1+ 33. Kg2
g6 34. Re8+ Kg7 35. Re7+ Kh6 36. Rd7 Re1 37. Ra7 Re5 38. Bd3 Rg5+ 39. Kh1 Re5
40. b4 axb4 41. axb4 Re1+ 42. Kg2 Rb1 43. b5 Rb4 44. Ra3 Kg5 45. Rb3 Rg4+ 46.
Kh1 Rd4 47. b6 Rd8 48. b7 Rb8 49. c4 Kf6 50. c5 Ke7 51. c6 Kd6 52. Be4 g5 53.
Ra3 Kc7 54. Ra8 1-0

[Event "Hillerod Byturnering Basis 3 2004"]
[Site "Hillerod"]
[Date "2004.04.27"]
[Round "1"]
[White "Petersen, Henrik2"]
[Black "Thorsen, Benny"]
[Result "1/2-1/2"]
[WhiteElo "1178"]
[BlackElo "1287"]
[PlyCount "76"]
[EventDate "2004.??.??"]

1. e4 e5 2. d3 c5 3. Nf3 Nc6 4. c3 Nf6 5. g3 Be7 6. Bg2 h6 7. O-O O-O 8. Nbd2
d5 9. exd5 Qxd5 10. Nb3 Bg4 11. Re1 Bxf3 12. Qxf3 Qe6 13. Qe2 Bd6 14. Bxc6 bxc6
15. Be3 Qh3 16. Qf1 Qf5 17. Bxc5 Bxc5 18. Nxc5 Rab8 19. b3 Rfe8 20. Ne4 Re6 21.
Nxf6+ Rxf6 22. Rad1 Re8 23. a4 h5 24. f4 Qg4 25. Qe2 Rxf4 26. Qxg4 Rxg4 27. Re4
Rg5 28. d4 f6 29. dxe5 fxe5 30. Rd6 h4 31. Rxh4 e4 32. Rd1 e3 33. Re1 e2 34.
Rf4 Rd5 35. Rd4 Rde5 36. Rd2 Kf7 37. Kf2 Rf5+ 38. Kg1 Rfe5 1/2-1/2

[Event "Hillerod Byturnering Basis 3 2004"]
[Site "Hillerod"]
[Date "2004.04.27"]
[Round "1"]
[White "Pedersen, Jens Kornbak"]
[Black "Lenskjaer, Stig"]
[Result "0-1"]
[WhiteElo "1025"]
[BlackElo "1354"]
[PlyCount "69"]
[EventDate "2004.??.??"]

1. c4 c5 2. Nc3 Nf6 3. Nf3 d6 4. d4 cxd4 5. Nxd4 Nc6 6. e4 Qa5 7. Nb3 Qd8 8.
Bd3 Nd7 9. O-O Nde5 10. Be3 e6 11. a3 a6 12. Qc2 Be7 13. Rad1 Nd7 14. f4 Qc7
15. Nd4 Nxd4 16. Bxd4 Bf6 17. Ne2 Bxd4+ 18. Nxd4 Qc5 19. Qc3 e5 20. Be2 exd4
21. Rxd4 Nf6 22. Kh1 O-O 23. b4 Qc7 24. Rfd1 Bg4 25. Bxg4 Nxg4 26. Qg3 Nf6 27.
e5 dxe5 28. fxe5 Nh5 29. Qg5 g6 30. c5 Rae8 31. Rd6 Ng7 32. R1d5 f6 33. Rxf6
Rxf6 34. Qxf6 Rf8 35. Rd8 0-1

[Event "Hillerod Byturnering Basis 3 2004"]
[Site "Hillerod"]
[Date "2004.05.04"]
[Round "2"]
[White "Demant, Mogens"]
[Black "Kristensen, Steffen Michael"]
[Result "1/2-1/2"]
[WhiteElo "1239"]
[BlackElo "1253"]
[PlyCount "73"]
[EventDate "2004.??.??"]

1. d4 Nf6 2. c4 g6 3. Nc3 Bg7 4. e4 d6 5. Bg5 O-O 6. f4 Bg4 7. Be2 Bxe2 8.
Ngxe2 Ng4 9. Qd3 c5 10. d5 Qd7 11. h3 Nf6 12. Bxf6 Bxf6 13. O-O e5 14. Rf3 Na6
15. a3 exf4 16. Rxf4 Be5 17. Rf3 Qe7 18. g3 Qd7 19. Kg2 Nc7 20. Raf1 Ne8 21.
Qd2 Qe7 22. Nd1 Nf6 23. Qg5 Nxd5 24. Qxe7 Nxe7 25. b3 f5 26. exf5 Nxf5 27. Ne3
Nxe3+ 28. Rxe3 Rxf1 29. Kxf1 Rf8+ 30. Kg2 a6 31. Nc3 Bd4 32. Rd3 Rf2+ 33. Kh1
Bxc3 34. Rxc3 Kf7 35. Re3 h5 36. Kg1 Rf5 37. Kg2 1/2-1/2

[Event "Hillerod Byturnering Basis 3 2004"]
[Site "Hillerod"]
[Date "2004.05.04"]
[Round "2"]
[White "Eskildsen, Evald"]
[Black "So, John"]
[Result "0-1"]
[WhiteElo "1023"]
[BlackElo "1306"]
[PlyCount "72"]
[EventDate "2004.??.??"]

1. c4 c6 2. e4 d5 3. cxd5 cxd5 4. Bb5+ Bd7 5. Bxd7+ Qxd7 6. exd5 Qxd5 7. Qf3
Nf6 8. Nc3 Qc6 9. Nge2 Qxf3 10. gxf3 a6 11. Ne4 Nbd7 12. b3 e6 13. Bb2 Be7 14.
O-O-O O-O 15. f4 Nxe4 16. Rhf1 Bf6 17. Bxf6 Ndxf6 18. d3 Rac8+ 19. Kb1 Nc3+ 20.
Nxc3 Rxc3 21. Kb2 Rfc8 22. Rc1 Rxc1 23. Rxc1 Rxc1 24. Kxc1 Nd5 25. Kd2 Nxf4 26.
Ke3 Nd5+ 27. Kd2 Kf8 28. a3 Ke7 29. d4 Kd6 30. Kd3 b5 31. b4 Nb6 32. Kc3 Kd5
33. f4 f5 34. h4 Ke4 35. h5 Kxf4 36. Kd3 g5 0-1

[Event "Hillerod Byturnering Basis 3 2004"]
[Site "Hillerod"]
[Date "2004.05.04"]
[Round "2"]
[White "Andersen, Jeppe Yde"]
[Black "Lenskjaer, Stig"]
[Result "0-1"]
[WhiteElo "1000"]
[BlackElo "1354"]
[PlyCount "34"]
[EventDate "2004.??.??"]

1. e4 c5 2. Nf3 Nc6 3. c3 Nf6 4. d3 d6 5. Bg5 Bg4 6. Bxf6 gxf6 7. d4 cxd4 8.
cxd4 Qb6 9. d5 Ne5 10. Be2 Nxf3+ 11. Bxf3 Bxf3 12. gxf3 Qxb2 13. Nd2 Bh6 14.
Nb3 Qc3+ 15. Kf1 Bf4 16. Rb1 h5 17. Kg2 Qe5 0-1

[Event "Hillerod Byturnering Basis 3 2004"]
[Site "Hillerod"]
[Date "2004.05.04"]
[Round "2"]
[White "Pedersen, Leif"]
[Black "Christiansen, Sofus"]
[Result "0-1"]
[WhiteElo "1343"]
[BlackElo "1304"]
[PlyCount "86"]
[EventDate "2004.??.??"]

1. Nf3 f5 2. e3 e6 3. b3 Nf6 4. d3 d6 5. Bb2 e5 6. Nbd2 Be7 7. Be2 O-O 8. h3
Nc6 9. a3 a5 10. c4 Qe8 11. Nh2 b6 12. O-O Bb7 13. f3 Nh5 14. Qe1 Qg6 15. g4 f4
16. exf4 Nxf4 17. h4 Bxh4 18. Qxh4 Nxe2+ 19. Kh1 Qxd3 20. Rfd1 Qg6 21. Re1 Ncd4
22. Bxd4 Nxd4 23. Rac1 Qd3 24. Qf2 Nxb3 25. Rcd1 Nxd2 26. Re3 Qxc4 27. Rxd2 Rf4
28. Rc2 Qf7 29. Rcc3 a4 30. Qg3 Rf8 31. Kg1 Rc4 32. Qe1 Rxc3 33. Rxc3 c5 34.
Qd1 Qe6 35. Qxa4 e4 36. Re3 Qh6 37. Qb3+ Kh8 38. Qc3 exf3 39. Nxf3 Qh3 40. Kf2
Qxg4 41. Qd3 Rxf3+ 42. Rxf3 Qxf3+ 43. Qxf3 Bxf3 0-1

[Event "Hillerod Byturnering Basis 3 2004"]
[Site "Hillerod"]
[Date "2004.05.11"]
[Round "3"]
[White "Kristensen, Steffen Michael"]
[Black "Andersen, Jeppe Yde"]
[Result "0-1"]
[WhiteElo "1253"]
[BlackElo "1000"]
[PlyCount "154"]
[EventDate "2004.??.??"]

1. e4 e5 2. Nf3 Nc6 3. Bb5 d6 4. Bxc6+ bxc6 5. d4 exd4 6. Nxd4 Bd7 7. O-O Nf6
8. Bg5 Be7 9. Nc3 O-O 10. Qd3 h6 11. Bxf6 Bxf6 12. Rab1 d5 13. exd5 cxd5 14.
Nxd5 Be5 15. f4 Bxd4+ 16. Qxd4 Be6 17. Rfd1 c6 18. Nc3 Qxd4+ 19. Rxd4 Rfd8 20.
Rbd1 Rxd4 21. Rxd4 Rb8 22. b3 Bf5 23. Rd2 Rb7 24. Kf2 Rd7 25. Rxd7 Bxd7 26. Nd1
g5 27. fxg5 hxg5 28. Ne3 Kg7 29. Nc4 Be6 30. Ne5 Bd5 31. c4 Be4 32. g3 Kf6 33.
Nd7+ Kf5 34. Ke3 Bg2 35. Kf2 Be4 36. a3 Kg4 37. Nf6+ Kf5 38. Ke3 Bg2 39. Nd7
Kg4 40. Ne5+ Kh3 41. Nxf7 Kxh2 42. Nxg5 Kxg3 43. Ne4+ Kg4 44. Kd4 Kf5 45. Nc5
Kf6 46. b4 Ke7 47. Ke5 Bf1 48. Kd4 Kd6 49. Ne4+ Kc7 50. a4 Bg2 51. Nc5 Kb6 52.
a5+ Kc7 53. Ne6+ Kd6 54. Nf4 Bf3 55. Nd3 Bg2 56. Nc5 Kc7 57. Ke5 Bf1 58. Ne6+
Kd7 59. c5 Bc4 60. Nd4 a6 61. Nf5 Bd5 62. Ne3 Bf3 63. Kd4 Be2 64. Ng2 Bf3 65.
Nh4 Be2 66. Ng6 Bf1 67. Ke5 Bc4 68. Kf6 Ke8 69. Ne5 Bd5 70. Kf5 Ke7 71. Ng4
Be6+ 72. Kf4 Bxg4 73. Kxg4 Ke6 74. Kf4 Kd5 75. Kf5 Kc4 76. Ke6 Kxb4 77. Kd6 Kb5
0-1

[Event "Hillerod Byturnering Basis 3 2004"]
[Site "Hillerod"]
[Date "2004.05.11"]
[Round "3"]
[White "Loving, Rho"]
[Black "Christiansen, Holger"]
[Result "1-0"]
[WhiteElo "1213"]
[BlackElo "1197"]
[PlyCount "61"]
[EventDate "2004.??.??"]

1. d4 d5 2. c4 b6 3. Nc3 Nf6 4. Bg5 e6 5. Nf3 Bb4 6. Ne5 Bxc3+ 7. bxc3 h6 8.
Bh4 g5 9. Bg3 Ne4 10. Qd3 Nxg3 11. Qxg3 dxc4 12. Qf3 f6 13. Qxa8 fxe5 14. Qxb8
exd4 15. Rd1 c5 16. Qe5 O-O 17. cxd4 Rf5 18. Qe4 cxd4 19. Rxd4 Rd5 20. Rxd5
Qxd5 21. Qg6+ Kf8 22. Qxh6+ Ke7 23. Qg7+ Kd6 24. Qxa7 c3 25. Qa3+ Ke5 26. Qxc3+
Qd4 27. Qxd4+ Kxd4 28. e3+ Kc3 29. Bb5 Bb7 30. f3 Kb4 31. a4 1-0

[Event "Hillerod Byturnering Basis 3 2004"]
[Site "Hillerod"]
[Date "2004.05.11"]
[Round "3"]
[White "Lenskjaer, Stig"]
[Black "Christiansen, Sofus"]
[Result "0-1"]
[WhiteElo "1354"]
[BlackElo "1304"]
[PlyCount "122"]
[EventDate "2004.??.??"]

1. c4 f5 2. Nf3 Nf6 3. b3 e6 4. Bb2 Be7 5. e3 O-O 6. Nc3 b6 7. d3 d6 8. Qc2 e5
9. Nd5 Bb7 10. Nxe7+ Qxe7 11. Nd2 Nc6 12. O-O-O Nb4 13. Qb1 e4 14. d4 Ng4 15.
a3 Nxf2 16. axb4 Nxh1 17. Be2 Nf2 18. Rf1 Qh4 19. d5 a5 20. bxa5 Rxa5 21. Bc3
Ra7 22. Kc2 Ng4 23. Bxg4 Qxg4 24. Qe1 Rfa8 25. h3 Qg6 26. Rg1 Ra2+ 27. Kc1 Bc8
28. Qh4 Bd7 29. Qe7 Qf7 30. Qxf7+ Kxf7 31. Rf1 Kg8 32. Bb2 g6 33. Rf4 Rf8 34.
Kc2 b5 35. Kb1 Ra6 36. h4 bxc4 37. bxc4 h5 38. Rf1 Rb8 39. Kc2 c6 40. dxc6 Rxc6
41. Ra1 Be6 42. Ra7 Bxc4 43. Rg7+ Kf8 44. Bd4 Be2+ 45. Bc3 Rxc3+ 46. Kxc3 Kxg7
47. Kd4 Rb5 48. g3 Kf6 49. Nc4 Bxc4 50. Kxc4 Rc5+ 51. Kd4 Ke6 52. g4 Rd5+ 53.
Kc3 hxg4 54. Kc4 g3 55. h5 gxh5 56. Kc3 g2 57. Kc2 Rd3 58. Kb2 g1=Q 59. Kc2
Qf2+ 60. Kc1 Rxe3 61. Kd1 Re1# 0-1

[Event "Hillerod Byturnering Basis 3 2004"]
[Site "Hillerod"]
[Date "2004.05.18"]
[Round "4"]
[White "Petersen, Henrik2"]
[Black "Loving, Rho"]
[Result "0-1"]
[WhiteElo "1178"]
[BlackElo "1213"]
[PlyCount "76"]
[EventDate "2004.??.??"]

1. e4 e5 2. d3 b6 3. Nf3 d6 4. g3 Bb7 5. Nc3 Nf6 6. Bg2 g6 7. Bg5 Bg7 8. a3 h6
9. Be3 Nbd7 10. Qe2 d5 11. exd5 Nxd5 12. Bd2 O-O 13. O-O Re8 14. Nxd5 Bxd5 15.
Bc3 Qe7 16. Qd2 Qf6 17. Qd1 Rad8 18. Nd2 Bxg2 19. Kxg2 Qc6+ 20. Kg1 Nc5 21. Nf3
Na4 22. Re1 Nxc3 23. bxc3 Qxc3 24. Re4 f5 25. Rc4 Qa5 26. Rxc7 e4 27. Nh4 Bxa1
28. Qxa1 Qe5 29. Qxe5 Rxe5 30. Nxg6 Rc5 31. Ne7+ Kf8 32. Rxc5 bxc5 33. Nxf5
exd3 34. cxd3 Rxd3 35. a4 c4 36. Kf1 c3 37. Ne3 Rxe3 38. fxe3 c2 0-1

[Event "Hillerod Byturnering Basis 3 2004"]
[Site "Hillerod"]
[Date "2004.05.18"]
[Round "4"]
[White "Andersen, Jeppe Yde"]
[Black "Christiansen, Sofus"]
[Result "0-1"]
[WhiteElo "1000"]
[BlackElo "1304"]
[PlyCount "48"]
[EventDate "2004.??.??"]

1. e4 e5 2. Nf3 Nc6 3. Nc3 Nf6 4. Bc4 Nxe4 5. Nxe4 d5 6. Bxd5 Qxd5 7. d3 Bg4 8.
Bh6 f5 9. Bxg7 Bxg7 10. Nc3 Qc5 11. Qe2 e4 12. O-O-O Bh6+ 13. Kb1 Nd4 14. Qe1
Nxf3 15. gxf3 Bxf3 16. Rg1 Bxd1 17. Nxd1 O-O-O 18. dxe4 Rhe8 19. Nc3 Bd2 20.
Qe2 Bxc3 21. bxc3 Qxc3 22. Qh5 Re5 23. f3 Rb5+ 24. Kc1 Qa1# 0-1

[Event "Hillerod Byturnering Basis 3 2004"]
[Site "Hillerod"]
[Date "2004.05.18"]
[Round "4"]
[White "Kristensen, Steffen Michael"]
[Black "Pedersen, Jens Kornbak"]
[Result "0-1"]
[WhiteElo "1253"]
[BlackElo "1025"]
[PlyCount "36"]
[EventDate "2004.??.??"]

1. d4 Nf6 2. c4 e6 3. g3 c5 4. Nf3 cxd4 5. Nxd4 Bc5 6. Bg2 O-O 7. O-O d5 8.
cxd5 Nxd5 9. Nb3 Bb6 10. e4 Nb4 11. Qxd8 Rxd8 12. Na3 Nd3 13. Be3 Bxe3 14. fxe3
e5 15. Rad1 b6 16. Nc1 Ba6 17. Nxd3 Bxd3 18. Nc4 Nc6 0-1

[Event "Hillerod Byturnering Basis 3 2004"]
[Site "Hillerod"]
[Date "2004.05.18"]
[Round "4"]
[White "Thorsen, Benny"]
[Black "Eskildsen, Evald"]
[Result "1-0"]
[WhiteElo "1287"]
[BlackElo "1023"]
[PlyCount "101"]
[EventDate "2004.??.??"]

1. e4 e5 2. c4 c5 3. Nc3 Nf6 4. Nf3 d6 5. d3 Nc6 6. Be2 h6 7. O-O Bg4 8. Qa4
Bxf3 9. Bxf3 Qa5 10. Qxa5 Nxa5 11. Nb5 Kd7 12. Bd2 Nc6 13. b4 a6 14. Nc3 Nxb4
15. Na4 Kc7 16. Bxb4 Nd7 17. Ba3 Be7 18. Rab1 Rhb8 19. Bg4 Nf6 20. f3 b5 21.
Nc3 b4 22. Nd5+ Nxd5 23. exd5 bxa3 24. Rb3 Rxb3 25. axb3 Rb8 26. Ra1 Rxb3 27.
Kf2 Rxd3 28. Bf5 Rc3 29. Ke2 Bg5 30. Bd3 Rb3 31. Bc2 Rc3 32. Bd3 g6 33. h3 f5
34. Bb1 Re3+ 35. Kd1 Bf6 36. Ra2 e4 37. Kd2 Rb3 38. Bc2 Bc3+ 39. Kd1 Rb6 40.
Rxa3 Bb4 41. Re3 exf3 42. gxf3 Kd7 43. Re6 f4 44. Rxg6 Rb8 45. Rxh6 Rg8 46.
Bf5+ Ke7 47. Re6+ Kf7 48. Bg4 a5 49. Rxd6 a4 50. Ra6 Ba3 51. Be6+ 1-0

[Event "Hillerod Byturnering Basis 3 2004"]
[Site "Hillerod"]
[Date "2004.05.25"]
[Round "5"]
[White "Christiansen, Sofus"]
[Black "Loving, Rho"]
[Result "1-0"]
[WhiteElo "1304"]
[BlackElo "1213"]
[PlyCount "85"]
[EventDate "2004.??.??"]

1. e4 e5 2. Nf3 Nc6 3. Bb5 d6 4. O-O Bd7 5. Qe2 a6 6. Ba4 Nf6 7. c3 g6 8. d4
exd4 9. e5 Qe7 10. cxd4 Nd5 11. Re1 O-O-O 12. Bc2 Bg7 13. Qc4 Nb6 14. Qc3 Nd5
15. Qb3 Qe6 16. Be4 Nde7 17. d5 Nxd5 18. Bxd5 Qf5 19. Nd4 Qg4 20. Nxc6 Bxc6 21.
Bxc6 bxc6 22. exd6 Rxd6 23. Be3 h5 24. Nd2 Bh6 25. Nf3 f6 26. Ba7 Kd7 27. Bd4
Bf4 28. g3 h4 29. Qf7+ Kc8 30. Re8+ Rxe8 31. Qxe8+ Rd8 32. Qxc6 hxg3 33. fxg3
Bxg3 34. hxg3 Qxg3+ 35. Kf1 Rxd4 36. Nxd4 Qd3+ 37. Ne2 Qf5+ 38. Ke1 g5 39. Rd1
Qa5+ 40. Kf2 Qf5+ 41. Qf3 Qc5+ 42. Kg2 Qe5 43. Qa8# 1-0

[Event "Hillerod Byturnering Basis 3 2004"]
[Site "Hillerod"]
[Date "2004.05.25"]
[Round "5"]
[White "Andersen, Jeppe Yde"]
[Black "Pedersen, Jens Kornbak"]
[Result "0-1"]
[WhiteElo "1000"]
[BlackElo "1025"]
[PlyCount "60"]
[EventDate "2004.??.??"]

1. e4 c5 2. Nf3 Nc6 3. Bb5 a6 4. Bc4 g6 5. O-O Bg7 6. c3 d6 7. d4 cxd4 8. cxd4
Bg4 9. d5 Ne5 10. Be2 Nf6 11. Nc3 O-O 12. Nxe5 Bxe2 13. Qxe2 dxe5 14. Bg5 b5
15. b4 Rc8 16. Rac1 Qd6 17. a3 Rc4 18. Rfd1 Rfc8 19. Qe3 Ng4 20. Qf3 Nf6 21. g3
a5 22. bxa5 Qxa3 23. Rd3 b4 24. Nb5 Rxc1+ 25. Kg2 Qxa5 26. d6 Qxb5 27. dxe7 Ne8
28. g4 R8c3 29. Rxc3 Qf1+ 30. Kg3 Rxc3 0-1

[Event "Hillerod Byturnering Basis 3 2004"]
[Site "Hillerod"]
[Date "2004.05.25"]
[Round "5"]
[White "Petersen, Henrik2"]
[Black "Pedersen, Leif"]
[Result "0-1"]
[WhiteElo "1178"]
[BlackElo "1343"]
[PlyCount "84"]
[EventDate "2004.??.??"]

1. e4 e5 2. d3 Nc6 3. Nf3 Bc5 4. g3 d6 5. Bg2 Bg4 6. c3 Nf6 7. Bg5 O-O 8. O-O
h6 9. Be3 Bb6 10. Bxb6 axb6 11. Re1 Ne7 12. d4 Nc6 13. dxe5 Nxe5 14. Nbd2 Nd3
15. Qc2 Nxe1 16. Nxe1 Re8 17. e5 Rxe5 18. Bxb7 Rb8 19. Bg2 Qe7 20. Nd3 Bf5 21.
Nc4 Bxd3 22. Qxd3 Re1+ 23. Rxe1 Qxe1+ 24. Bf1 Re8 25. f3 d5 26. Na3 c6 27. Nc2
Qc1 28. b4 c5 29. bxc5 bxc5 30. Kf2 c4 31. Qf5 Qd2+ 32. Kg1 Qxc3 33. Kg2 g6 34.
Qxf6 Qxc2+ 35. Kg1 Kh7 36. h4 Qxa2 37. g4 Qa7+ 38. Kg2 Qb8 39. Qd4 Qe5 40. Qf2
Qe3 41. Qg3 g5 42. hxg5 hxg5 0-1

[Event "Hillerod Byturnering Basis 3 2004"]
[Site "Hillerod"]
[Date "2004.06.08"]
[Round "7"]
[White "Christiansen, Sofus"]
[Black "Thorsen, Benny"]
[Result "1-0"]
[WhiteElo "1304"]
[BlackElo "1287"]
[PlyCount "27"]
[EventDate "2004.??.??"]

1. e4 e5 2. Nf3 d6 3. Bc4 Bg4 4. h3 Bh5 5. c3 h6 6. d4 Nf6 7. Nbd2 Be7 8. O-O
O-O 9. Qb3 b6 10. dxe5 Bxf3 11. exf6 Bxf6 12. Nxf3 Nc6 13. Bd5 Qd7 14. Qb5 1-0

[Event "Hillerod Byturnering Basis 3 2004"]
[Site "Hillerod"]
[Date "2004.06.08"]
[Round "7"]
[White "Kristensen, Steffen Michael"]
[Black "Christiansen, Holger"]
[Result "1-0"]
[WhiteElo "1253"]
[BlackElo "1197"]
[PlyCount "89"]
[EventDate "2004.??.??"]

1. c4 e5 2. e4 Nf6 3. Nf3 Nc6 4. d3 Be7 5. Be2 O-O 6. O-O b6 7. Bg5 h6 8. Bxf6
Bxf6 9. Nc3 a6 10. Nd5 Re8 11. Qd2 Ne7 12. Nxf6+ gxf6 13. Qxh6 Ng6 14. h4 Nf4
15. Rfe1 Re6 16. g3 f5 17. Qg5+ Qxg5 18. Nxg5 Nxe2+ 19. Rxe2 Rf6 20. Rae1 f4
21. Nf3 fxg3 22. Nxe5 gxf2+ 23. Rxf2 Rxf2 24. Kxf2 d6 25. Rg1+ Kf8 26. Ng4 Bxg4
27. Rxg4 Ke7 28. Kf3 Kf6 29. Kf4 Rh8 30. b3 Rh5 31. a4 c6 32. d4 a5 33. Kg3 d5
34. cxd5 cxd5 35. e5+ Ke6 36. Rf4 Rh6 37. Kh3 Ke7 38. Rf3 Rc6 39. h5 Rc2 40. h6
Rc1 41. Kg4 Re1 42. h7 Rh1 43. Rh3 Rg1+ 44. Kh4 Kf8 45. h8=Q+ 1-0

[Event "Hillerod Byturnering Basis 3 2004"]
[Site "Hillerod"]
[Date "2004.06.08"]
[Round "7"]
[White "Loving, Rho"]
[Black "So, John"]
[Result "1-0"]
[WhiteElo "1213"]
[BlackElo "1306"]
[PlyCount "96"]
[EventDate "2004.??.??"]

1. d4 d6 2. Nf3 Nf6 3. c4 b6 4. Nc3 Bb7 5. e3 Nbd7 6. b3 e6 7. Bd3 Be7 8. O-O
e5 9. d5 O-O 10. e4 a6 11. Re1 Rc8 12. Bb2 c6 13. b4 cxd5 14. cxd5 b5 15. a4
bxa4 16. Qxa4 Nb6 17. Qb3 Ra8 18. Ra5 Qd7 19. Bc1 h6 20. h3 Bd8 21. Ra2 Ne8 22.
Be3 Nf6 23. Rea1 Bc7 24. Bxa6 Bxa6 25. Rxa6 Rxa6 26. Rxa6 Rb8 27. Nd2 Qc8 28.
Ra7 Nbd7 29. Qc4 Bb6 30. Qxc8+ Rxc8 31. Bxb6 Rxc3 32. Bc7 Rc2 33. Nf3 Nxe4 34.
Bxd6 Nb6 35. Nxe5 Nxd6 36. Ra6 Nbc4 37. Nxc4 Nxc4 38. Rc6 Rc1+ 39. Kh2 Kf8 40.
b5 Ke8 41. b6 Rb1 42. Rxc4 Rxb6 43. Kg3 Rd6 44. Rc5 Ke7 45. Kf4 Rf6+ 46. Ke3
Rf5 47. d6+ Kd7 48. Rxf5 Kxd6 1-0

[Event "Hillerod Byturnering Basis 3 2004"]
[Site "Hillerod"]
[Date "2004.06.08"]
[Round "7"]
[White "Lenskjaer, Stig"]
[Black "Demant, Mogens"]
[Result "0-1"]
[WhiteElo "1354"]
[BlackElo "1239"]
[PlyCount "63"]
[EventDate "2004.??.??"]

1. e4 e5 2. Nf3 d6 3. Bc4 h6 4. h3 Nf6 5. Nc3 Bd7 6. d4 exd4 7. Nxd4 Nc6 8.
Nxc6 Bxc6 9. Qe2 Qe7 10. f3 O-O-O 11. Bd2 Nh5 12. Qf2 g5 13. Qxa7 Ng3 14. Rg1
d5 15. Bb5 Qc5 16. Be3 Qxa7 17. Bxa7 Bxb5 18. Nxb5 b6 19. Kf2 Nh5 20. Rgd1 Bc5+
21. Ke1 Rhe8 22. c3 Kb7 23. b4 Bf8 24. Kf2 dxe4 25. Rxd8 Rxd8 26. a4 c6 27. Nd4
Bxb4 28. a5 Bxa5 29. Rxa5 bxa5 30. Bc5 exf3 31. Kxf3 Nf6 32. Be7 0-1

[Event "Hillerod Byturnering Basis 3 2004"]
[Site "Hillerod"]
[Date "2004.06.08"]
[Round "7"]
[White "Pedersen, Leif"]
[Black "Pedersen, Jens Kornbak"]
[Result "0-1"]
[WhiteElo "1343"]
[BlackElo "1025"]
[PlyCount "94"]
[EventDate "2004.??.??"]

1. e4 c5 2. c4 Nc6 3. Nc3 g6 4. Nf3 Bg7 5. d3 e6 6. Be3 b6 7. Be2 Nd4 8. Bxd4
cxd4 9. Nb5 d5 10. e5 dxc4 11. Nd6+ Ke7 12. Ng5 Nh6 13. Nxc4 b5 14. Nd6 Bxe5
15. Nde4 Re8 16. O-O f5 17. Nf3 Bf4 18. Nc5 Qd6 19. Rb1 Qxc5 20. Rc1 Qd6 21. g3
Bxc1 22. Qxc1 Ng4 23. Nh4 Kf6 24. Bxg4 fxg4 25. Qh6 Qc7 26. f3 e5 27. fxg4+ Ke6
28. Nxg6 Kd5 29. Nh4 Bxg4 30. Re1 Re6 31. Qg5 Bh3 32. Qh5 Rf8 33. Nf3 Rxf3 34.
Qxf3+ Kd6 35. Qf8+ Re7 36. Qh6+ Be6 37. Qg5 Qc6 38. Qxe5+ Kd7 39. Qxd4+ Kc7 40.
Qxa7+ Qb7 41. Rc1+ Kd8 42. Qd4+ Bd7 43. Qh8+ Re8 44. Qxh7 Qb6+ 45. Kf1 Qf6+ 46.
Kg2 Qxb2+ 47. Kf3 Qxc1 0-1